000 00437nam a22001817a 4500
005 20230118101840.0
008 210301b ||||| |||| 00| 0 eng d
020 _a9789388902717
041 _aeng
082 _a612 CHA-C
100 _aCHATTERJEE
_96435
245 _aHUMAN PHYSIOLOGY VOL-I
250 _a13'TH
260 _aNEW DELHI
_bCBS PUBLISHERS
_c2018
300 _a588, P.
650 _aPHARMACY
_xD.PHARMA
_97090
942 _cBK
999 _c7489
_d7487